000 02258nam a2200253Ia 4500
003 Ost
005 20260507075710.0
008 260507s9999||||xx |||||||||||||| ||und||
020 _a9789931475088
040 _cfsecg
041 _aara
082 _a657
100 _aطرطار، أحمد
_eمؤلف
245 0 _aتقنيات المحاسبة العامة وفق النظام المحاسبي المالي الجديد scf :
_b الجانب التطبيقي /
_c أحمد طرطار
250 _aطبعة 2
260 _aالجزائر:
_bجسور,
_c2018
300 _a262 صفحة؛
_bجداول
_c24 سم
504 _aمراجع ص.249
520 _aعرفت المؤسسات الاقتصادية الجزائرية مع مطلع العام 2010 الدخول في مرحلة حاسمة من الإصلاح الاقتصادي عموما، حيث دخل النظام المحاسبي المالي الجديد للمؤسسات الاقتصادية حيز التطبيق، ويعتبر هذا الأخير مستوحى من المعايير المحاسبية الدولية ومعايير الإبلاغ المالي وقد كان هذا التحول ضمن إطار سياسة التقارب التي تنتهجها الجزائر لمسايرة المتغيرات الدولية ومواكبة التطورات الاقتصادية والاجتماعية والقانونية والمعلوماتية ولقد أحدث تطبيق النظام المحاسبي الجديد مجموعة من التغيرات يتناولها هذا الكتاب بالشرح والتفصيل في قسمين: نظري وتطبيقي وهو إطلالة على مجريات الأحداث التي تتواتر كل يوم، وعلى امتداد السنة، في كل كيان مصغر من كيانات المجتمع الاقتصادي والمالي (المؤسسة) المثقل بهموم التجارة والصناعة والمال، والمتيم بالبحث عن الفوائض والأرباح وفي سعي دؤوب لا يكلّ أهله ولا يملون.
653 _aالمحاسبة
653 _aالنظام المحاسبي المالي - SCF
700 _aمنصر، عبد العالي
_eمؤلف ثانوي
942 _cكتاب
999 _c45888
_d45888